00552nam a22001697a 450000500170000001000150001702000260003203500140005803700130007208200110008510000160009624500750011226000350018727001050022230000200032750000350034720220221165752.0 aENG-125338 a9789380336008c450.00 aEN-108870 bDBAD/PUB a954.03 aSen, Ranjit a1857 visions resurrected:bshaping ideas from oblivion/cby Ranjit Sen aKolkata bFrame Eternityc2010 a78B-Shakespeare Sarani,bKolkata e700019mmahabodhibookagency@hotmail.comk033-22419363, 9831077368v a206p.c22cm(Hb) ainclude bibliography and index